00000000nam 2200000za 4500
0019.662234
003CaOODSP
00520240207110924
007ta
008150407|2000||||xxc|||||     f|0| 0 fre d
020 |a0-662-65278-9
040 |aCaOODSP|bfre
041 |aeng
041 |afre
043 |an-cn---
0861 |aSE1-2/2000-1
24500|aRapport du directeur général des élections du Canada sur les élections partielles tenues le 11 septembre 2000 dans Kings-Hants et Okanagan-Coquihalla.
260 |aOttawa : |bÉlections Canada, |c2000.
500 |aDonnées de catalogage avant publication (Canada) imprimées dans cette publication.
546 |aBilingue
563 |aCouverture souple
590 |a01-09|b2001-03-02
69107|aÉlection partielle|2gcpds
69107|aSystème électoral|2gcpds
7102 |aÉlections Canada.
7760#|tRapport du directeur général des élections du Canada sur les élections partielles tenues le 11 septembre 2000 dans Kings-Hants et Okanagan-Coquihalla |w(CaOODSP)9.639935
7760#|tReport of the Chief Electoral Officer of Canada following the September 11, 2000 by-elections held in Kings-Hants and Okanagan-Coquihalla |w(CaOODSP)9.695838
791 |tReport of the Chief Electoral Officer of Canada following the September 11, 2000 by-elections held in Kings-Hants and Okanagan-Coquihalla.|eeng|w(CaOODSP)9.662233